| 000 | 00523nam a2200181Ia 4500 | ||
|---|---|---|---|
| 999 |
_c13154 _d13154 |
||
| 003 | OSt | ||
| 005 | 20201016135007.0 | ||
| 008 | 190216s9999||||xx |||||||||||||| ||und|| | ||
| 020 | _a0706920821 | ||
| 040 | _coclc | ||
| 082 |
_a371 _bCHA/I |
||
| 100 |
_aChauhan, S S _95820 |
||
| 245 | 0 |
_aInnovations In Teaching-Learning Process / _cS S Chauhan |
|
| 260 |
_bVikas Publishing House, _c1983. _aNew Delhi: |
||
| 300 | _a191p | ||
| 650 | _aEnglish Teaching | ||
| 942 |
_cBK _2ddc _h371 _iCHA/I _k371 _mCHA/I |
||